000 00504nam a2200181Ia 4500
005 20250423100203.0
008 250422s9999 xx 000 0 und d
020 _a9780415725422
050 _aTH 2031 .B89/
100 _aEdited by Pamela Buxton.
245 0 _aMetric handbook: planning and design data
250 _a5th ed.
260 _aLondon & New York
260 _bRoutledge taylor & francis group
260 _c2015
650 _aBuilding--Details--Drawings. Metric system.
942 _cBK
999 _c32544
_d32544